| 000 | 00412nam a2200157Ia 4500 | ||
|---|---|---|---|
| 008 | 210210b2005 xxu||||| |||| 00| 0 eng d | ||
| 020 | _a81 87731 64 8 | ||
| 082 | _a294.5K PANH | ||
| 100 | _aPANDEY (Bi En). | ||
| 245 | _aHindu mandiragalu hagu aurangajebana adeshagalu. | ||
| 260 |
_aBallari _bLohiya Prakashana _c2005 |
||
| 300 | _ax,38 | ||
| 650 | _aHindu Temples | ||
| 690 | _aHinduism | ||
| 906 | _a059965 | ||
| 999 |
_c107226 _d107226 |
||